History Quiz

Random History or Clickable Quiz

Same Country: Different Historical Figure Quiz Stats

Quiz Updated Dec 12, 2013

Also try: Historical License
Challenge
Share
Tweet
Score 0/30 Timer 06:00
1 Play Today
% Correct
Socrates
85.3%
Tutankhamun
84.8%
Vladimir Lenin
82.7%
Mao Tse-Tung
81.3%
Pocahontas
81.3%
Adolf Hitler
79.3%
Jesus of Nazareth
78.7%
Charles Darwin
76.8%
Nelson Mandela
75.3%
Ban Ki-moon
74.9%
Mahatma Gandhi
73%
Cardinal Richelieu
70%
James Joyce
69.7%
Christopher Columbus
68.6%
Muhammad
66.4%
% Correct
Che Guevara
64.7%
Martin Luther
64.4%
Moctezuma II
58.4%
Oda Nobunaga
56.6%
Ferdinand Magellan
54.8%
Miguel de Cervantes
54.7%
Nicolae Ceausescu
52.6%
Niels Bohr
46.9%
Bob Marley
41.4%
Nicolaus Copernicus
39.3%
Terry Fox
37.1%
Vidkun Quisling
35.7%
Ned Kelly
31.7%
Vincent van Gogh
25.8%
Leonhard Euler
25%

You're not logged in!

Compare scores with friends on all Sporcle quizzes.
Join for Free
OR
Log In

You Might Also Like...

Show Comments

Extras

Top Quizzes Today


Score Distribution

Your Account Isn't Verified!

In order to create a playlist on Sporcle, you need to verify the email address you used during registration. Go to your Sporcle Settings to finish the process.

Report this User

Report this user for behavior that violates our Community Guidelines.

Details: